| 000 | 00418nam a2200169Ia 4500 | ||
|---|---|---|---|
| 005 | 20250423101738.0 | ||
| 008 | 250422s9999 xx 000 0 und d | ||
| 020 | _a0-13-043454-X | ||
| 050 | _aPE 1112 .W75/ | ||
| 245 | 0 | _aWriting and grammer : communication in action : copper level | |
| 260 | _aNew Jersey | ||
| 260 | _bPrentice Hall | ||
| 260 | _c2001 | ||
| 300 | _a774 p | ||
| 650 | _aEnglish | ||
| 942 | _cBK | ||
| 999 |
_c37154 _d37154 |
||